DAC guidelines for gender equality and women's empowerment in development co-operation (Record no. 3141)

MARC details
000 -LEADER
fixed length control field 007480000a22002170004500
003 - CONTROL NUMBER IDENTIFIER
control field LK-CoMWRAF
005 - DATE AND TIME OF LATEST TRANSACTION
control field 20231130115618.0
008 - FIXED-LENGTH DATA ELEMENTS--GENERAL INFORMATION
fixed length control field 230817t1998 ||||| |||| 00| 0 eng d
040 ## - CATALOGING SOURCE
Original cataloging agency LK-CoMWRAF
Modifying agency LK-CoMWRAF
Description conventions LK-CoMWRAF
041 ## - LANGUAGE CODE
Language code of text/sound track or separate title English
041 ## - LANGUAGE CODE
Language code of text/sound track or separate title French
082 ## - DEWEY DECIMAL CLASSIFICATION NUMBER
Classification number 305.42
Item number DEV
942 ## - ADDED ENTRY ELEMENTS (KOHA)
Koha item type Books
110 ## - MAIN ENTRY--CORPORATE NAME
Corporate name or jurisdiction name as entry element Development Assistance Committee
245 ## - TITLE STATEMENT
Title DAC guidelines for gender equality and women's empowerment in development co-operation
260 ## - PUBLICATION, DISTRIBUTION, ETC. (IMPRINT)
Place of publication, distribution, etc. Paris:
Name of publisher, distributor, etc. Organisation for Economic Co-operation and Development,
Date of publication, distribution, etc. 1998
300 ## - PHYSICAL DESCRIPTION
Extent 43 p. 52 p. ; 23 cm
490 ## - SERIES STATEMENT
Series statement Development co-operation guidelines series
856 ## - ELECTRONIC LOCATION AND ACCESS
Uniform Resource Identifier <a href="https://www.oecd.org/development/gender-development/28313843.pdf">https://www.oecd.org/development/gender-development/28313843.pdf</a>
650 ## - SUBJECT ADDED ENTRY--TOPICAL TERM
Topical term or geographic name as entry element WOMEN IN DEVELOPMENT
Holdings
Withdrawn status Lost status Damaged status Not for loan Permanent Location Current Location Date acquired Full call number Barcode Koha item type
        Resource center, Muslim Women's Research And Action Forum Resource center, Muslim Women's Research And Action Forum 2023-08-17 305.42 DEV RAF3222 Books

Copyright © 2023 Muslim Women's Research and Action Forum (MWRAF), No 27/3, Anderson Road, Kalubowila, Dehiwela. Funded by The Asia Fundation